| 000 | 01104 a2200229 4500 | ||
|---|---|---|---|
| 001 | 45976 | ||
| 005 | 20260407155733.0 | ||
| 008 | 260407a1997 arg spa d | ||
| 003 | AR-UNSa-BCEJYS | ||
| 040 |
_aAR-UNSa-BCEJYS _bspa _cAR-UNSa-BCEJYS |
||
| 080 |
_a304.4 _xAspectos generales de las políticas y prácticas sociales y culturales (política social) |
||
| 245 | 1 | 0 |
_aMujeres jefas de hogar _pfamilia, pobreza y género |
| 020 | _a987-95490-8-2 | ||
| 264 | 1 |
_aBuenos Aires : _bUNICEF _c1997 |
|
| 300 |
_a84 p. _c22 cm. |
||
| 505 | _a1. Jefas, proveedoras económicas y pobreza: ni están todas las que son, ni son todas las que están – 2. Especificidad de la pobreza en los hogares con jefa mujer – 3. Jefatura femenina y pobreza en el AMBA – 4. ¿Existe una política social para las jefas pobres? – 5. Resumen, conclusiones y sugerencias para la acción – | ||
| 041 | _aspa | ||
| 942 | _cBK | ||
| 590 | _aniveau_biblio:m niveau_hierar:0 | ||
| 100 | 1 | _aGeldstein, Rosa N. | |
| 856 | 4 | 1 |
_uhttps://www.biblioeco.unsa.edu.ar/pmb/images/libros/L127263.jpg _yImagen de portada _qimage/jpeg |
| 999 |
_c4104 _d4104 |
||